000 00439nam a22001337a 4500
008 230606b xxu||||| |||| 00| 0 eng d
020 _a 9789966156426
082 _a364.131
_bSTE
100 _cDavid Steele
_d2012
245 _aStrengthening The Capacities Of Kenyan Actors In Peace building And Conflict Transformation
_bA Handbook and Training Guide
260 _aNairobi
_bKonrad Adenauer-Stiftung
_c2012
300 _a97 p
942 _2ddc
_cBK
999 _c697
_d697